000 01074nam a2200289 c 4500
001 000030708
003 RuMoIPM
005 20260602111500.0
008 230210s1972 ru ||||||| |||| ||rus d
035 _a(RuMoBEN) 001944173
035 _a(ELAR retro) [2022] 000008932
040 _aRuMoBEN
_brus
_ercr
041 0 _arus
_heng
044 _aru
080 _a511
080 _a511.2
100 1 _aВейль, Андре
245 1 0 _aОсновы теории чисел =
_bBasic Number Theory
_cА. Вейль ; Пер. с англ. А. Н. Вассерштейна и А. Н. Паршина ; Под ред. И. И. Пятецкого-Шапиро
260 _aМосква
_bМир
_c1972
300 _a408 с.
500 _aПеред загл. авт.: Андрэ Вейль
500 _aПер. изд.: Andre Weil. Basic number theory. - Berlin; New York: Springer-Verlag, 1967
500 _aДоп. тит. л. англ.
504 _aПредм. указ.: с. 403-405
700 1 _aПятецкий-Шапиро, И. И.
_eред.
942 _cBK
999 _c30708
_d30708